| 000 | 00570nam a22001937a 4500 | ||
|---|---|---|---|
| 003 | OSt | ||
| 005 | 20251103035227.0 | ||
| 008 | 251103b |||||||| |||| 00| 0 eng d | ||
| 020 | _a978-971927-3759-6 | ||
| 040 |
_aDWCL - Main Lib _cOC |
||
| 082 | _aF H435b 2022 | ||
| 100 | _aHeartless Nostalgia | ||
| 245 |
_aThe Broken Vows (Part 1) / _cHeartless Nostalgia |
||
| 260 |
_aMandaluyong City, Philippines : _bAnvil Publishing, Inc., _cc2022. |
||
| 300 |
_a246 pages ; _c18 cm. |
||
| 650 | _a1. Filipino Fiction | ||
| 650 | _a2. Love Stories | ||
| 942 |
_2ddc _cFIC. _mF _n0 |
||
| 999 |
_c5396 _d5396 |
||